Štruktúra zaistených fondov v SR
Základné skupiny zaistených fondov na Slovensku. Banka sama tvorí štruktúru produktu. Banka vystupuje len ako sprostredkovateľ. Banka vystupuje ako obchodník produktmi. Príklad zostavenia vlastného portfólia. Výnos zo zaistených fondov. Všeobecné alternatívy investovania do zaistených fondov. Výhod...
Salvato in:
| Autore principale: | |
|---|---|
| Natura: | Capitolo di libro |
| Lingua: | slovacco |
| Soggetti: | |
| Tags: |
Nessun Tag, puoi essere il primo ad aggiungerne!!
|
MARC
| LEADER | 00000nla$a2200000$$$4500 | ||
|---|---|---|---|
| 001 | 0059485 | ||
| 005 | 20231121080746.6 | ||
| 041 | 0 | |a slo | |
| 044 | |a SK | ||
| 245 | 1 | 0 | |a Štruktúra zaistených fondov v SR |c Andrea Vávrová |
| 520 | |a Základné skupiny zaistených fondov na Slovensku. Banka sama tvorí štruktúru produktu. Banka vystupuje len ako sprostredkovateľ. Banka vystupuje ako obchodník produktmi. Príklad zostavenia vlastného portfólia. Výnos zo zaistených fondov. Všeobecné alternatívy investovania do zaistených fondov. Výhody a nevýhody zaistených fondov. | ||
| 610 | 2 | 0 | |a trh finančný |
| 610 | 2 | 0 | |a Slovensko |
| 610 | 2 | 0 | |a portfólio |
| 610 | 2 | 0 | |a zaistenie |
| 610 | 2 | 0 | |a banky |
| 610 | 2 | 0 | |a investovanie |
| 610 | 2 | 0 | |a fondy finančné |
| 100 | 1 | |a Vávrová, Andrea | |